000 00975cam a22003257a 4500
003 CHAP
005 20220329142656.0
008 020920d2001 mx r 00110 spa d
010 _a86356
011 _a87328
020 _a9681848829
035 _a97871
040 _cCHAP
082 0 4 _a160
_bC6
100 0 0 _aCopi, Irving M.
_927880
245 1 0 _aIntroducción a la lógica
_c/por Irving M. Copi y Carl Cohen
260 _aMéxico, D.F. ;
_bLIMUSA,
_c2001.
300 _a698 p.
590 _aBATCH-UPD
_b10
_c20130110
_lUCH01
_h0457
590 _aBATCH-UPD
_b10
_c20130110
_lUCH01
_h2358
590 _aBATCH-UPD
_b10
_c20130410
_lUCH01
_h0135
590 _aBATCH-UPD
_b10
_c20130914
_lUCH01
_h0957
590 _aCONVERSION
_b10
_c20130109
_lUCH01
_h1348
650 1 4 _aLógica.
_967611
700 0 0 _aCohen, Carl.
_924364
901 _aBK
905 _aMayto Villalobos S.
942 _cLIBRO
949 _a160 C6
_bBC
_cLIBRO
_d33724000876264
_eLIBRO
_h102983
_i97871
_si
_t$ 190.00
999 _c86356
_d86356